Movable Inn : The Rural Jewish Population of Minsk Guberniya In 1793-1914.

Bibliographic Details
Main Author: Kalik, Judith.
Format: eBook
Language:English
Published: Warschau/Berlin : Walter de Gruyter GmbH, 2018.
Edition:1st ed.
Subjects:
Online Access:Click to View
LEADER 02133nam a22003613i 4500
001 EBC5769487
003 MiAaPQ
005 20231204023214.0
006 m o d |
007 cr cnu||||||||
008 231204s2018 xx o ||||0 eng d
020 |a 9783110576092  |q (electronic bk.) 
020 |z 9783110576016 
035 |a (MiAaPQ)EBC5769487 
035 |a (Au-PeEL)EBL5769487 
035 |a (OCoLC)1050971810 
040 |a MiAaPQ  |b eng  |e rda  |e pn  |c MiAaPQ  |d MiAaPQ 
100 1 |a Kalik, Judith. 
245 1 0 |a Movable Inn :  |b The Rural Jewish Population of Minsk Guberniya In 1793-1914. 
250 |a 1st ed. 
264 1 |a Warschau/Berlin :  |b Walter de Gruyter GmbH,  |c 2018. 
264 4 |c Ã2017. 
300 |a 1 online resource (276 pages) 
336 |a text  |b txt  |2 rdacontent 
337 |a computer  |b c  |2 rdamedia 
338 |a online resource  |b cr  |2 rdacarrier 
505 0 |a Intro -- Contents -- Acknowledgements -- Introduction -- 1 Historical Background -- 2 The Legal Position of Rural Jews in the Russian Empire -- 3 The Demographics and Geographic Distribution of Rural Jews -- Appendix 1: Tables to Chapter 3 -- 4 Lords and Masters -- Appendix 2: Tables to Chapter 4 -- 5 Occupational Structure -- 6 Family Structure -- 7 Communal Organization -- Appendix 3: Tables to Chapter 7 -- 8 Cultural and Religious Life -- 9 Jewish Farmers -- 10 The Construction of Railways and the Decline of the Propination System -- 11 Genealogical Perspectives -- 12 Conclusions -- 13 Appendix 4: Maps -- Abbreviations -- Bibliography -- List of Figures -- List of Tables -- Index. 
588 |a Description based on publisher supplied metadata and other sources. 
590 |a Electronic reproduction. Ann Arbor, Michigan : ProQuest Ebook Central, 2023. Available via World Wide Web. Access may be limited to ProQuest Ebook Central affiliated libraries.  
655 4 |a Electronic books. 
776 0 8 |i Print version:  |a Kalik, Judith  |t Movable Inn  |d Warschau/Berlin : Walter de Gruyter GmbH,c2018  |z 9783110576016 
797 2 |a ProQuest (Firm) 
856 4 0 |u https://ebookcentral.proquest.com/lib/matrademy/detail.action?docID=5769487  |z Click to View